1980s Songs A to Z (Lyrics) - Statistics

General Stats
  • This quiz has been taken 82 times
  • The average score is 11 of 26
Answer Stats
Song % Correct
D I come from a land {Down} {Under} where beer does flow and men chunder
92%
M Watch out boy, she'll chew you up, oh oh here she comes, she's a {Maneater}
86%
E Do you feel the same? Am I only dreaming? Is this burning an {Eternal} {Flame}?
72%
I {I'm} {So} {Excited} and I just can't hide it, I'm about to lose control and I think I like it!
71%
A {Abracadabra}, I wanna reach out and grab ya
63%
U Love lift us {Up} {Where} {We} {Belong}, where the eagles cry, on a mountain high
58%
L {Let's} {Dance}, put on your red shoes and dance the blues
57%
H And {Here} {I} {go} {again} on my own, going down the only road I've ever known
55%
X A place where nobody dared to go, the love that we came to know, they call it {Xanadu}
51%
B She's pure as New York snow, she got {Bette} {Davis} {Eyes}
51%
N And we can build this dream together, standing strong forever, {Nothing's} {gonna} {stop} {us} {now}
49%
Q Playing with the {Queen} {of} {Hearts}, knowing it ain't really smart
49%
V Now she can't be that warm with the wind in her arms, {Valerie}, call on me
37%
P {Pass} {the} {Dutchie} 'pon the left hand side, I say {Pass} {the} {Dutchie} 'pon the left hand side
37%
T So {True}, funny how it seems always in time but never in line for dreams
37%
R Not quite a year since she went away, {Rosanna} yeah, now she's gone and I have to stay
34%
Z {Zoom}, just one look and then my heart went boom
34%
C {Come} {on} {Eileen}, oh I swear well he means, at this moment you mean everything
29%
G If looks could kill, they probably will, in {Games} {without} {Frontiers}, war without tears
29%
J Your heart is down for the count and you know you're gonna lose it, tonight you're gonna go down in flames {Just} {Like} {Jesse} {James}
18%
Y {You're} {the} {Voice}, try and understand it, make a noise and make it clear
15%
W {What} {About} {Me}? It isn't fair, I've had enough, now I want my share
14%
F You remember uncle Joe? He was the one afraid to cut the cake. Who wants to tell poor aunt Sarah Joe's run off to {Fire} {Lake}?
14%
S {She} {Drives} {Me} {Crazy} like no one else, {She} {Drives} {Me} {Crazy} and I can't help myself
11%
O Love is like a grain of sand, slowly slipping through your hands, oh, oh-whoa, oh-whoa {Oh} {Diane}
9%
K The stars shine so bright but they're fading after dawn, there is magic in {Kingston} {Town}
6%
No matching quizzes found
Score Distribution
Percent of People with Each Score
Percentile by Number Answered
Your Score History
You have not taken this quiz